000 02018nam a22002777a 4500
999 _c60056
_d60056
003 Ge_BSU
005 20230602105921.0
008 230602s2018ge xxu||||| |||| 00| 0 geo d
020 _a9788378931751
041 _ageo
080 _a81'374.823=353.1=352.2=111 ქ-27
245 _aქართულ-აფხაზურ-ინგლისური სიხშირული ლექსიკონი /
_cმარინა ბერიძე, მაკა თეთრაძე, სოფიკო დარასელია [და სხვა] ; აფხაზური სიტყვანის შემდგენელი ნათია ფონიავა ; რედაქტორები: ლეილა ავიძბა, ნინო შარაშენიძე.
264 _bWojnowice,
_c 2018.
300 _a220 გვ. ;
_b21 სმ.
440 _aსაბა - ქართული ლექსიკონი
_918330
500 _aყდაზე ავტორები მითითებულები არ არიან.
546 _aყდა ქართულ, ოსურ და ინგლისურ ენებზე. დამატებითი სატიტულო გვერდები აფხაზურ და ინგლისურ ენებზ
653 _aქართულ-აფხაზურ-ინგლისური ლექსიკონი.
700 _aბერიძე, მარინა
_918415
700 _aთეთრაძე, მაკა
_eშემდგენელი
_918416
700 _aდარასელია, სოფიკო
_e[და სხვა]
_918417
700 _aფონიავა, ნათია
_eაფხაზური სიტყვანის შემდგენელი
_918418
700 _aავიძბა,ლეილა
_918419
700 _aშარაშენიძე, ნინო
_eრედაქტორი
_97758
942 _2udc
_cBK